000 01522cab a2200205 4500
001 L147753
008 150609e2009 000 0 eng u
035 _a(Sirsi) u147753
041 _aeng
100 _aPugh-Smith, John
245 _aRecent developments in planning case law
260 _c2009
490 _aJournal of Planning and Environment Law
_v6 2009, 663-686(24)
520 _aSummarises trends in the case law affecting land-use planning over the past 12 months up to February 2009. Cases reviewed cover development plan issues derived from Core Policy 2(1) and Core Strategies under s.113 of the Planning and Compulsory Purchase Act 2004; the need for due process by local planning authorities in their administration of the planning process; enforcement issues; environmental impact assessments (EIAs) that had been taken to the European Court of Justice (ECJ); the impact of applications within the Green Belt; plans relating to gypsies; the correct approach to the designation of conservation areas; the need for new rigour in the initial stages of a statutory challenge relying on the court's case management powers; jurisprudence issues on Lawful Development Certificates (LDCs); nature conservation issues; and challenges to the role of the inspector.
650 _aPLANNING AND COMPULSORY PURCHASE ACT 2004
650 _aPLANNING POLICY STATEMENT ONE
650 _aTOWN AND COUNTRY PLANNING ACT 1990 S106
690 _aENVIRONMENTAL AND LAND CONSULTANCY-PLANNING AND DEVELOPMENT
942 _n0
999 _c81632
_d81632